00977cam a2200277 a 4500001000500000005001700005020001800022040002300040050001000063082001100073100002100084245008300105250002100188260002400209300005900233490003600292500003200328505000800360520019300368521002000561521002000581650002000601650002300621650002000644700003500664244520231208104612.0 a9781592496914 aDLCcDLCdDLCbeng00aPZ8.3002398.84 aEast, Jacquelin 00aHickory dickory dock and other silly-time rhymes /cillustrated by Jacqueline  aPirnted in China aPalm Pushing c2007 a23 unnumbered pages : bcolor illustrations ; c26 cm  3Mother Goose-A Read-Aloud Book  a"A read-aloud book"--Cover. aG  aMother Goose "SILLY-TIME" program uses engaging music, colorful illustrations and well-loved rhymes to build and strengthen a child's developing motor, listening, visual and verbal skills. a350 bLexile  aG bRaz-Plus  0aNursery rhymes. 0aChildren's poetry. 1aNursery rhymes.1 aEast, Jacquelineeillustrator